000
00331nam a2200133Ia 4500
008
191201s2009 xx 000 0 und d
100
_a
BHALLA, V K
245
0
_a
Working Capital Management Text and Cases
250
_a
10th Rep.
260
_a
N.Delhi
_b
Anmol Publication
_c
2009
300
_a
948
650
_a
MBA
942
_2
ddc
_c
BK
999
_c
3588
_d
3588